Quitab El Culiat (Record no. 26822)
[ view plain ]
| 000 -LEADER | |
|---|---|
| campo de control de longitud fija | 00653nam a2200181 i 4500 |
| 001 - NÚMERO DE CONTROL | |
| campo de control | 26822 |
| 003 - IDENTIFICADOR DE NÚMERO DE CONTROL | |
| campo de control | ES-MaACL |
| 005 - FECHA Y HORA DE LA ÚLTIMA TRANSACCIÓN | |
| campo de control | 20230906153516.0 |
| 007 - CAMPO FIJO DE DESCRIPCIÓN FÍSICA--INFORMACIÓN GENERAL | |
| campo de control de longitud fija | t| |
| 008 - DATOS DE LONGITUD FIJA--INFORMACIÓN GENERAL | |
| campo de control de longitud fija | 030110s1939 sp ||||1| spa d |
| 100 1# - ENTRADA PRINCIPAL--NOMBRE DE PERSONA | |
| Nombre de persona | Averroes. |
| 9 (RLIN) | 24027 |
| 245 10 - MENCIÓN DEL TÍTULO | |
| Título | Quitab El Culiat |
| Resto del título | : (libro de las generalidades) / |
| Mención de responsabilidad, etc. | por Averroes ; prólogo con estudio crítico del autor por Alfredo Bustani. |
| 260 ## - PUBLICACIÓN, DISTRIBUCIÓN, ETC. | |
| Lugar de publicación, distribución, etc. | Larache : |
| Nombre del editor, distribuidor, etc. | [s.n., |
| Fecha de publicación, distribución, etc. | 1939] ( |
| Fabricante | Artes Gráficas Boscá) |
| 300 ## - DESCRIPCIÓN FÍSICA | |
| Extensión | 283 p., 114 lám ; |
| Dimensiones | 27 cm. |
| 700 1# - ENTRADA AGREGADA--NOMBRE PERSONAL | |
| Nombre de persona | Bustani, Alfredo. |
| 9 (RLIN) | 32888 |
| 710 2# - ENTRADA AGREGADA--NOMBRE DE ENTIDAD CORPORATIVA | |
| Nombre de entidad corporativa o nombre de jurisdicción como elemento de entrada | Instituto General Franco de Estudios e Investigación Hispano-Árabe. |
| 9 (RLIN) | 149197 |
| 852 ## - LOCALIZACIÓN | |
| Ubicación | ES-MaACL |
| Número de control de estantería | F-15050 |
| Estatus retirado | Estado de pérdida | Estado de daño | No para préstamo | Biblioteca de origen | Biblioteca actual | Ubicación en estantería | Fecha de adquisición | Fuente de adquisición | Total de préstamos | Signatura topográfica completa | Código de barras | Visto por última vez | Precio de reemplazo | Tipo de ítem Koha |
|---|---|---|---|---|---|---|---|---|---|---|---|---|---|---|
| Biblioteca del Ateneo de Madrid | Biblioteca del Ateneo de Madrid | Sala Pecera Planta 2 | 17/01/2008 | F-15050 | 1027685 | 23/02/2023 | 23/02/2023 | Libro impreso |
